000 00731nam a2200229 4500
001 110414
003 ES-MaACL
005 20250814045707.0
007 t|
008 061121s1985 mx r ||||1| spa d
020 _a968-861-012-7
100 1 _aShelley, Joseph F.
_9106069
245 1 0 _aMecánica para ingeniería /
_cJoseph F. Shelley ; [versión en castellano Luis Ordóñez Reyna].
260 _aMéxico [etc.] :
_bMarcombo,
_ccop. 1985.
300 _a2 v :
_bil ;
_c23 cm.
500 _aIndice.
505 8 _aContiene: I. Estática - II. Dinámica
650 0 7 _aMecánica
_2embne
_914869
700 1 _aOrdóñez Reyna, Luis.
_987203
852 _aES-MaACL
_jL-10817-18
_bR.112815
999 _c110414
_d110414